000 00263nam a22001217a 4500
008 180308b xxu||||| |||| 00| 0 eng d
041 _aeng
080 _a621
100 _a27
101 _amec
245 _aNON LINEAR SYSTEMS INC
_cANDREW.K
942 _2udc
_cBK
999 _c44515
_d44515